Loading...
| Literature - World | 0 | 8 | 1 | 0 | 75 | 17 | 66.75 | 7 | 8 | 31.42 | 70.45 |
| Literature - European | 0 | 8 | 1 | 0 | 75 | 18 | 60.75 | 8 | 8 | 34.00 | 72.73 |
| Literature - British | 0 | 6 | 1 | 0 | 55 | 34 | 64.67 | 4 | 6 | 23.56 | 50.00 |
| Literature - American | 0 | 6 | 1 | 0 | 55 | 24 | 52.00 | 6 | 6 | 31.28 | 54.55 |
| Popular Culture | 0 | 3 | 0 | 0 | 30 | 53 | 73.00 | 0 | 3 | 18.48 | 37.50 |
| Science - Chemistry | 0 | 2 | 0 | 1 | 20 | 93 | 99.50 | 0 | 2 | 0.00 | 4.55 |
| Social Science | 0 | 2 | 0 | 1 | 20 | 100 | 104.50 | 2 | 2 | 1.72 | 25.00 |
| Science - Biology | 0 | 2 | 1 | 0 | 15 | 94 | 96.00 | 1 | 2 | 1.18 | 11.36 |
| Philosophy | 0 | 1 | 0 | 1 | 10 | 106 | 106.00 | 0 | 1 | 0.00 | 2.78 |
| Fine Arts - Painting and Sculpture | 0 | 2 | 2 | 0 | 10 | 111 | 112.50 | 0 | 1 | 1.05 | 7.50 |
| Fine Arts - Classical Music | 0 | 2 | 2 | 0 | 10 | 55 | 80.00 | 1 | 2 | 5.64 | 11.36 |
| Religion | 0 | 1 | 0 | 1 | 10 | 71 | 71.00 | 0 | 1 | 2.44 | 6.82 |
| Science - Other | 0 | 0 | 1 | 0 | -5 | 0.00 | 0 | 0 | 0.00 | 0.00 | |
| Fine Arts - Other | 0 | 0 | 1 | 0 | -5 | 0.00 | 0 | 0 | 0.00 | 0.00 |